02496nam a2200265 a 4500001001000000005001700010008004100027041000800068044000700076084002600083100004500109130005000154245011700204260004500321300004200366500021100408500009900619500126500718500001001983650005201993650005602045650003402101650004502135740005002180BRCA_236020190320203755.0051108s1871----sp-#---###---#000-0#spa-u aspa asp a001b.L67c1871 F16051 aCervantes Saavedra, Miguel ded1547-16160 aEl Ingenioso Hidalgo Don Quijote de la Mancha10aLa primera edición del Ingenioso Hidalgo Don Quijote de la Manchaccompuesto por Miguel de Cervantes Saavedra. aBarcelonabFrancisco López Fabrac1871 a1 v. (en varias paginaciones)c29 cm. aContenido : Portada con el escudo y el lema ´Post tenebras spero lucem´. Tasa. Testimonio de erratas. Privilegio. Dedicatoria del autor al Duque de Béjar. Prólogo del autor. Versos preliminares. Texto aFacsímil de : El ingenioso hidalgo Don Quixote de la Mancha. Madrid: Juan de la Cuesta, 1605 aPrimer facsímil de la primera parte de la edición príncipe, elaborado por Francisco López Fabra, en Barcelona, durante los años de 1871-73. En la portada lleva el escudo con el mote: Post tenebras spero lucem. Texto con centenares de erratas, especialmente errores de puntuación. Falta, además, el episodio del robo del rucio. Privilegio para Castilla únicamente. La licencia real fechada en Valladolid, a 26 de septiembre de 1604. Su existencia se ignoró cerca de dos siglos durante los cuales todas las ediciones posteriores - salvo las de Lisboa - siguieron el texto de la segunda edición de Cuesta. Su desaparición rápida y casi completa - en todo el mundo quedan solo siete ó nueve ejemplares - la ha explicado documentalmente Rodríguez Marín, uno de los más destacados cervantistas españoles por lo que toca a letra de la obra y minucias históricas de la época cervantina, quien la tribuye al envío a América de la mayor parte de la tirada, confiscada y destruida por la Inquisición. Bonito ejemplar. La encuadernación en pergamino, ricamente adornada con florones y filetes dorados en lomo y planos, demuestra el exquisito gusto y alta estima de esta edición por parte del Sr. Franz Mayer Lúdovik Osterc aQM11714aNovela españolayÉpoca clásica, 1500-170014aLiteratura españolayÉpoca clásica, 1500-170014aNovela españolaySiglo XVII14aDon Quijote (Personaje ficticio)eNovela0 aEl Ingenioso Hidalgo Don Quijote de la Mancha